| 000 | 00835nam a22002177a 4500 | ||
|---|---|---|---|
| 999 |
_c12919 _d12919 |
||
| 003 | AR-CdUCM | ||
| 008 | 190227b ||||| |||| 00| 0 spa d | ||
| 040 |
_aMUNICIPALIDAD PROVINCIAL DEL CUSCO _cBIBLIOTECA MUNICIPAL DEL CUSCO |
||
| 082 |
_aC / 910.014 / _bS19 |
||
| 100 |
_aSamanez Flores, David I. _95717 |
||
| 245 | _aEl topónimo Qosqo / | ||
| 260 |
_aQosqo : _bMunicipalidad del Qosqo, _c1991. |
||
| 300 |
_a37 páginas ; _c19 cm. |
||
| 500 | _aPlantea todas las consideraciones lingüísticas, fonéticas y semánticas por las que el vocablo Qosqo debe reemplazar al nombre de Cuzco y Cusco como nombre de la ciudad. | ||
| 650 |
_aHistoria cusqueña _95374 |
||
| 650 |
_aNombres geográficos _95718 |
||
| 650 |
_aCusco _9772 |
||
| 700 |
_aEstrada Pérez, Daniel _94652 |
||
| 942 |
_2ddc _cLIBROS |
||
| 945 |
_awfj _d2019-04-10 |
||